[Event "Mondiale Semilampo FIDE 2024"]
[Site "New York"]
[Date "26.12.2024"]
[Round "5.77"]
[White "Damjanovic, Vuk"]
[Black "Benjamin, Joel"]
[Result "1/2-1/2"]
[WhiteTitle "IM"]
[BlackTitle "GM"]
[WhiteElo "2368"]
[BlackElo "2473"]
[WhiteFideId "980021"]
[BlackFideId "2000091"]
[EventDate "26.12.2024"]

1. Nf3 Nf6 2. g3 g6 3. Bg2 Bg7 4. O-O O-O 5. d4 d6 6. Re1 Nc6 7. d5 Nb8 8. c4 a5
9. Nc3 Na6 10. Nd4 Nc5 11. b3 e5 12. dxe6 fxe6 13. h3 c6 14. Ba3 Qb6 15. e3 Nfd7
16. Qc2 Ne5 17. Rad1 Nf7 18. Nf3 e5 19. Na4 Nxa4 20. bxa4 Qc7 21. e4 c5 22. h4
Nd8 23. Qd3 Bg4 24. Qd5+ Kh8 25. Re3 Ra6 26. Rb3 Rc6 27. Rdb1 Bc8 28. h5 gxh5
29. Nh4 Be6 30. Qd1 Bxc4 31. Rc3 Bxa2 32. Rb2 Bf7 33. Qb1 b6 34. Nf5 Ne6 35.
Rcb3 Rb8 36. Ne3 Nd4 37. Nd5 Qd8 38. Rc3 Bh6 39. Qd1 Qg5 40. f4 Qg4 41. Qxg4
hxg4 42. fxe5 dxe5 43. Rxc5 Rxc5 44. Bxc5 Rc8 45. Bd6 Rc1+ 46. Kf2 Bg7 47. Rxb6
h5 48. Rb7 Bg6 49. Rxg7 Rc2+ 50. Kf1 Kxg7 51. Bxe5+ Kf7 52. Bxd4 Rxg2 53. Kxg2
Bxe4+ 54. Kf2 Bxd5 55. Bb6 Bc6 56. Bxa5 Bxa4 57. Bd8 Kg6 1/2-1/2

[Event "Mondiale Semilampo FIDE 2024"]
[Site "New York"]
[Date "26.12.2024"]
[Round "5.78"]
[White "Dragnev, Valentin"]
[Black "Thavandiran, Shiyam"]
[Result "1/2-1/2"]
[WhiteTitle "GM"]
[BlackTitle "IM"]
[WhiteElo "2563"]
[BlackElo "2410"]
[WhiteFideId "1634852"]
[BlackFideId "2605058"]
[EventDate "26.12.2024"]

1. e4 e6 2. d4 d5 3. Nd2 c5 4. exd5 Qxd5 5. Ngf3 cxd4 6. Bc4 Qd6 7. O-O Nf6 8.
Nb3 Nc6 9. Nbxd4 Nxd4 10. Nxd4 Be7 11. c3 O-O 12. Re1 e5 13. Nf3 e4 14. Qxd6
Bxd6 15. Nd4 h6 16. h3 Bd7 17. Bb5 Rad8 18. Be3 Nd5 19. Bc4 Nb6 20. Bb3 Na4 21.
Bxa4 Bxa4 22. Nf5 Bb8 23. Bd4 f6 24. Rxe4 Bc2 25. Ne7+ Kf7 26. Re2 Bd3 27. Re3
Bh7 28. g4 Rfe8 29. Nf5 Bxf5 30. gxf5 Rd5 31. Rf3 Re2 32. b4 a5 33. bxa5 Rxa5
34. Rb1 b5 35. c4 Be5 36. Bb6 Raxa2 37. cxb5 Rab2 38. Rb3 Re1+ 39. Rxe1 Rxb3 40.
Rd1 Rxb5 41. Be3 Ke7 42. Re1 Kd7 43. Rd1+ Kc7 44. Rc1+ Kd8 45. Rc5 Rxc5 46. Bxc5
Ke8 47. Kg2 Kf7 48. Kf3 g6 49. Ke4 h5 50. Be3 Bc3 51. f4 gxf5+ 52. Kxf5 Bb2 53.
Bb6 Bc3 54. Bd8 Bb2 55. Ke4 Kg6 56. Bb6 f5+ 57. Kd5 Bc1 58. Ke5 Bd2 59. Bc7 Bc1
60. Ke6 Bd2 61. Bd6 Bc1 62. Bc7 Bd2 63. Bd6 1/2-1/2

[Event "Mondiale Semilampo FIDE 2024"]
[Site "New York"]
[Date "26.12.2024"]
[Round "5.79"]
[White "Gagunashvili, Merab"]
[Black "Oro, Faustino"]
[Result "0-1"]
[WhiteTitle "GM"]
[BlackTitle "IM"]
[WhiteElo "2541"]
[BlackElo "2433"]
[WhiteFideId "13601652"]
[BlackFideId "20000197"]
[EventDate "26.12.2024"]

1. d4 Nf6 2. c4 e6 3. Nc3 Bb4 4. Qc2 d5 5. cxd5 exd5 6. Bg5 h6 7. Bh4 Nc6 8. e3
g5 9. Bg3 h5 10. Bd3 Qe7 11. O-O-O Bxc3 12. Qxc3 h4 13. Be5 Nxe5 14. dxe5 Ng4
15. Nh3 Nxe5 16. Bb5+ c6 17. Rxd5 f6 18. Ba4 Bxh3 19. gxh3 b5 20. Rxe5 Qxe5 21.
Qxc6+ Kf7 22. Qb7+ Kg6 23. Bc2+ Kh6 24. Qf7 Rag8 25. Kb1 Rg7 26. Qb3 Rd8 27. Qb4
a6 28. a3 Qe6 29. Qc3 Rc8 30. Qd3 Rcc7 31. Rg1 Rcd7 32. Qc3 Rc7 33. Qd3 Qd7 34.
Qe4 Rc4 35. Qf3 Qc6 36. Qf5 Rc5 37. Qd3 Qd5 38. Qe2 Qe6 39. Qf3 Rgc7 40. Bd3 Rd5
41. e4 Rd4 42. Qe3 Rcd7 43. Bc2 Qe5 44. Rg4 Qc5 45. Rg1 Rc4 46. Qe2 Qe5 47. f4
Qxf4 48. Rf1 Qd2 49. Qg4 Qxc2+ 50. Ka2 Rd6 51. Qf5 Qxe4 52. Qf2 Rc2 53. Qa7 Qc4+ 0-1

[Event "Mondiale Semilampo FIDE 2024"]
[Site "New York"]
[Date "26.12.2024"]
[Round "5.80"]
[White "Madaminov, Mukhiddin"]
[Black "Juksta, Karolis"]
[Result "1-0"]
[WhiteTitle "GM"]
[BlackTitle "IM"]
[WhiteElo "2501"]
[BlackElo "2403"]
[WhiteFideId "14210703"]
[BlackFideId "12809039"]
[EventDate "26.12.2024"]

1. e4 e6 2. d4 d5 3. exd5 exd5 4. Nf3 Nf6 5. Bd3 c5 6. c3 Nc6 7. O-O cxd4 8.
cxd4 Be7 9. h3 O-O 10. Nc3 Re8 11. Re1 h6 12. Bf4 Be6 13. Rc1 Rc8 14. Bb1 Bf8
15. Qd2 a6 16. Ne5 Qb6 17. Nxc6 Rxc6 18. Na4 Qb5 19. Nc3 Qa5 20. Qd3 g6 21. Qd2
Kh7 22. Ne4 Qd8 23. Nc5 Bc8 24. Be5 Bg7 25. Bc2 Ne4 26. Bxe4 dxe4 27. Bxg7 Kxg7
28. d5 Re5 29. Red1 Rf6 30. Qd4 Qe8 31. d6 e3 32. fxe3 Bxh3 33. d7 1-0

[Event "Mondiale Semilampo FIDE 2024"]
[Site "New York"]
[Date "26.12.2024"]
[Round "5.81"]
[White "Wagner, Dennis"]
[Black "Larrea, Manuel"]
[Result "1-0"]
[WhiteTitle "GM"]
[BlackTitle "FM"]
[WhiteElo "2616"]
[BlackElo "2259"]
[WhiteFideId "24650684"]
[BlackFideId "3000508"]
[EventDate "26.12.2024"]

1. d4 Nf6 2. c4 g6 3. Nc3 Bg7 4. e4 d6 5. Be2 O-O 6. h4 h5 7. Nf3 Nbd7 8. Qc2 e5
9. d5 a5 10. Bg5 Nc5 11. Nd2 c6 12. Nb3 cxd5 13. Nxc5 d4 14. N5a4 dxc3 15. Nxc3
Be6 16. O-O Qc7 17. Rfd1 Qc6 18. b3 Rac8 19. Rac1 Rc7 20. Bf3 Rfc8 21. Qd3 Rd7
22. Nd5 Ne8 23. Ne7+ Rxe7 24. Bxe7 b6 25. Bg5 Bf8 26. g3 f6 27. Be3 Nc7 28. Bg2
Na6 29. Kh2 Nc5 30. Qc2 Bf7 31. Rd2 Be7 32. f3 Kg7 33. Bh3 Rf8 34. Rf1 Ne6 35.
Qd1 Bg8 36. Qe2 Kh7 37. Rfd1 Ng7 38. Bg2 Qc7 39. Qf2 Rb8 40. f4 Be6 41. Bh3 Bxh3
42. Kxh3 a4 43. Rd5 axb3 44. axb3 b5 45. cxb5 Rxb5 46. Rxb5 Qd7+ 47. Kh2 Qxb5
48. Qc2 exf4 49. Bxf4 f5 50. Bxd6 Bxd6 51. Rxd6 fxe4 52. Qxe4 Nf5 53. Rd3 Qc5
54. Rd7+ Kg8 55. Qe6+ 1-0

[Event "Mondiale Semilampo FIDE 2024"]
[Site "New York"]
[Date "26.12.2024"]
[Round "5.82"]
[White "Esquivel Golcher, Luis Enrique"]
[Black "Matviishen, Viktor"]
[Result "0-1"]
[WhiteTitle "FM"]
[BlackTitle "GM"]
[WhiteElo "2081"]
[BlackElo "2566"]
[WhiteFideId "6600174"]
[BlackFideId "14129850"]
[EventDate "26.12.2024"]

1. e4 c5 2. Nf3 d6 3. d4 cxd4 4. Nxd4 Nf6 5. Nc3 a6 6. h3 e5 7. Nde2 h5 8. Bg5
Be6 9. Qd2 Nbd7 10. g3 Be7 11. Bg2 b5 12. h4 Nb6 13. b3 Rc8 14. a3 Ng4 15. Bxe7
Qxe7 16. Rd1 Rd8 17. f3 Nf6 18. Qg5 Rh6 19. Qe3 Qc7 20. Bh3 Bxh3 21. Rxh3 d5 22.
exd5 Nfxd5 23. Nxd5 Nxd5 24. Qe4 Rhd6 25. Qxe5+ Ne7 26. Rxd6 Rxd6 27. Kf2 Qa7+
28. Qe3 Qd7 29. Rh1 Kf8 30. Re1 Rd2 31. Qc3 Nf5 32. Kg2 Kg8 33. Kf2 Kh7 34. Kg2
Qd6 35. f4 Qd5+ 36. Qf3 Ne3+ 37. Kf2 Ng4+ 38. Kg2 Qf5 39. c4 Rd3 40. Qc6 bxc4
41. bxc4 Ne3+ 42. Kh2 Rd2 43. Kg1 Nc2 44. Kf2 0-1

[Event "Mondiale Semilampo FIDE 2024"]
[Site "New York"]
[Date "26.12.2024"]
[Round "5.83"]
[White "Batsuren, Dambasuren"]
[Black "Ahmed, Nidal"]
[Result "1-0"]
[WhiteTitle "GM"]
[WhiteElo "2531"]
[BlackElo "1796"]
[WhiteFideId "4902920"]
[BlackFideId "11504048"]
[EventDate "26.12.2024"]

1. c4 e6 2. g3 Nf6 3. Bg2 d5 4. Nf3 Be7 5. O-O O-O 6. d4 dxc4 7. Qc2 c6 8. Qxc4
b5 9. Qc2 Bb7 10. Nbd2 Nbd7 11. Nb3 c5 12. Nxc5 Bd5 13. e4 Nxc5 14. exd5 Na4 15.
dxe6 fxe6 16. Ng5 Rc8 17. Qb3 Qd7 18. Nxe6 Rf7 19. Ng5 Rf8 20. Nxf7 Rxf7 21. Bg5
Kf8 22. Rac1 h6 23. Bc6 Qf5 24. Bxf6 Rxf6 25. Qxb5 Qxb5 26. Bxb5 Nb6 27. Rc7 Rf5
28. Re1 1-0

[Event "Mondiale Semilampo FIDE 2024"]
[Site "New York"]
[Date "26.12.2024"]
[Round "5.84"]
[White "Bezold, Michael"]
[Black "Grahn, Vidar"]
[Result "1-0"]
[WhiteTitle "GM"]
[BlackTitle "FM"]
[WhiteElo "2469"]
[BlackElo "2263"]
[WhiteFideId "4601718"]
[BlackFideId "1744780"]
[EventDate "26.12.2024"]

1. c4 e6 2. Nf3 d5 3. g3 Nf6 4. Bg2 Be7 5. O-O O-O 6. d4 dxc4 7. Qc2 b5 8. a4 b4
9. Ne5 Qxd4 10. Bxa8 Qxe5 11. Bf4 Qh5 12. Bf3 Ng4 13. Bxg4 Qxg4 14. f3 Qh3 15.
Nd2 Bc5+ 16. Kh1 Ba6 17. Nxc4 Nd7 18. Rfd1 Nf6 19. e4 Nh5 20. Qg2 Nxf4 21. gxf4
Qh4 22. Ne5 Bd6 23. Rg1 g6 24. Qg3 Qh5 25. Nd7 Qh6 26. e5 Be7 27. Nxf8 Qxf8 28.
Rgd1 Bc5 29. Rac1 Bb6 30. b3 Qa8 31. Rc2 Kg7 32. Kg2 Bb7 33. Rd3 Bd5 34. Qg5 c5
35. f5 exf5 36. Rcd2 Be6 37. Qf6+ Kh6 38. Qh4+ Kg7 39. Qf6+ Kh6 40. Rd6 Bxb3 41.
e6 Bxe6 42. Rxe6 fxe6 43. Qh4+ Kg7 44. Rd7+ Kf8 45. Qe7+ 1-0

[Event "Mondiale Semilampo FIDE 2024"]
[Site "New York"]
[Date "26.12.2024"]
[Round "5.85"]
[White "Manon, Reja Neer"]
[Black "Horvath, Dominik"]
[Result "1-0"]
[WhiteTitle "IM"]
[BlackTitle "GM"]
[WhiteElo "2429"]
[BlackElo "2542"]
[WhiteFideId "10224009"]
[BlackFideId "1642561"]
[EventDate "26.12.2024"]

1. e4 e5 2. Nf3 Nc6 3. d4 exd4 4. Nxd4 Bb4+ 5. c3 Be7 6. Bd3 d6 7. O-O Nf6 8.
Bf4 O-O 9. Nd2 Re8 10. Re1 Bf8 11. h3 h6 12. Qb3 Ne5 13. Bf1 b6 14. Rad1 Bb7 15.
Bh2 a6 16. f4 Ng6 17. e5 dxe5 18. fxe5 Nd5 19. e6 c5 20. exf7+ Kxf7 21. Nf5 Rxe1
22. Rxe1 Kg8 23. Nc4 Kh7 24. Nfd6 Bc6 25. Bd3 Qg5 26. Ne5 Nf4 27. Bxg6+ Nxg6 28.
Nxc6 Qd2 29. Qd1 Qxb2 30. Qd3 c4 31. Nxc4 Bc5+ 32. Kh1 Qb5 33. N6e5 1-0

[Event "Mondiale Semilampo FIDE 2024"]
[Site "New York"]
[Date "26.12.2024"]
[Round "5.86"]
[White "Schnaider, Ilan"]
[Black "Makoto, Rodwell"]
[Result "1-0"]
[WhiteTitle "IM"]
[BlackTitle "IM"]
[WhiteElo "2392"]
[BlackElo "2334"]
[WhiteFideId "169013"]
[BlackFideId "11000120"]
[EventDate "26.12.2024"]

1. d4 Nf6 2. Nc3 d5 3. Bf4 c5 4. e3 a6 5. dxc5 Nc6 6. a3 e5 7. Bg5 d4 8. Na4 Be7
9. b4 O-O 10. Nf3 h6 11. Bxf6 Bxf6 12. e4 Be6 13. Nb6 Rb8 14. Bc4 Bg4 15. Nd5
Na7 16. Qd3 Nc8 17. O-O Ne7 18. Nxf6+ gxf6 19. Nh4 Kh7 20. f4 Ng6 21. Nxg6 fxg6
22. fxe5 fxe5 23. Rxf8 Qxf8 24. Rf1 Qe8 25. Rf7+ Kh8 26. Qg3 Bh5 27. Qh4 Qd8 28.
Qxd8+ Rxd8 29. Rxb7 Bd1 30. c6 1-0

[Event "Mondiale Semilampo FIDE 2024"]
[Site "New York"]
[Date "26.12.2024"]
[Round "5.87"]
[White "Hungaski, Robert"]
[Black "Pereira, Fabian"]
[Result "1-0"]
[WhiteTitle "GM"]
[BlackTitle "CM"]
[WhiteElo "2477"]
[BlackElo "2123"]
[WhiteFideId "2021030"]
[BlackFideId "3701263"]
[EventDate "26.12.2024"]

1. h3 e5 2. e3 Nf6 3. d4 exd4 4. exd4 d5 5. Nf3 Bf5 6. c4 c6 7. Nc3 Bb4 8. Be2
O-O 9. O-O dxc4 10. Bxc4 b5 11. Bb3 Nbd7 12. Bf4 Rc8 13. Rc1 a6 14. a3 Bxc3 15.
bxc3 Nb6 16. Re1 Nfd5 17. Bg3 Re8 18. Ne5 f6 19. Qf3 g6 20. Nd3 Bxd3 21. Qxd3
Rxe1+ 22. Rxe1 Qf8 23. Ra1 Qe7 24. Kh2 Kg7 25. a4 Re8 26. a5 Nd7 27. c4 Nb4 28.
Qc3 bxc4 29. Qxc4 Nb8 30. Rb1 Nd5 31. Ba4 Qa7 32. Qc5 Qa8 33. Rxb8 Rxb8 34. Bxc6 1-0

[Event "Mondiale Semilampo FIDE 2024"]
[Site "New York"]
[Date "26.12.2024"]
[Round "5.88"]
[White "Meylan, Andre"]
[Black "Gretarsson, Helgi Ass"]
[Result "1/2-1/2"]
[WhiteTitle "CM"]
[BlackTitle "GM"]
[WhiteElo "2138"]
[BlackElo "2418"]
[WhiteFideId "1301225"]
[BlackFideId "2300699"]
[EventDate "26.12.2024"]

1. e4 g6 2. d4 d6 3. Nc3 c6 4. f4 d5 5. h3 dxe4 6. Nxe4 Bf5 7. Ng3 e6 8. Nxf5
gxf5 9. Nf3 Nf6 10. Bd3 Nbd7 11. Qe2 Nh5 12. Qf2 Rg8 13. g4 Ng7 14. Bd2 Nf6 15.
gxf5 Nxf5 16. O-O-O Be7 17. Rhe1 Qc7 18. Bxf5 exf5 19. Ng5 h6 20. Bb4 Nd5 21.
Rxe7+ Nxe7 22. Re1 hxg5 23. Rxe7+ Qxe7 24. Bxe7 Kxe7 25. fxg5 Rxg5 26. h4 Rg4
27. Qxf5 Rag8 28. Qe5+ Kd7 29. Qf5+ Ke7 30. Qe5+ Kd7 1/2-1/2

[Event "Mondiale Semilampo FIDE 2024"]
[Site "New York"]
[Date "26.12.2024"]
[Round "5.89"]
[White "Sharshenbekov, Emir"]
[Black "Soo, Kai Jie"]
[Result "0-1"]
[WhiteTitle "CM"]
[BlackTitle "FM"]
[WhiteElo "2078"]
[BlackElo "2153"]
[WhiteFideId "13810634"]
[BlackFideId "5803454"]
[EventDate "26.12.2024"]

1. g3 e5 2. c4 Nf6 3. Bg2 Nc6 4. Nc3 Bb4 5. d3 Bxc3+ 6. bxc3 h6 7. Ba3 d6 8. d4
Bd7 9. Rb1 Rb8 10. Qd3 O-O 11. e3 Re8 12. c5 d5 13. Bb4 Qc8 14. Rb2 b5 15. cxb6
Rxb6 16. Ba3 Bf5 17. Qd2 Na5 18. Rxb6 Nc4 19. Qc1 axb6 20. Nf3 Qa6 21. Bb4 Nd7
22. Nh4 Be6 23. e4 dxe4 24. Bxe4 c5 25. d5 Bh3 26. Bd3 cxb4 27. cxb4 b5 28. f3
Qxa2 29. g4 e4 30. fxe4 Nde5 31. Be2 Qb3 32. Kf2 Qxb4 33. g5 h5 34. Rd1 Bg4 35.
Nf5 Bxf5 36. exf5 Ng4+ 37. Bxg4 hxg4 38. Qf4 Qb2+ 39. Kg1 Ne3 0-1

[Event "Mondiale Semilampo FIDE 2024"]
[Site "New York"]
[Date "26.12.2024"]
[Round "5.90"]
[White "Wong, Hayoung"]
[Black "Wanyama, Harold"]
[Result "1-0"]
[BlackTitle "FM"]
[WhiteElo "1704"]
[BlackElo "2154"]
[WhiteFideId "13205145"]
[BlackFideId "10000380"]
[EventDate "26.12.2024"]

1. d4 d5 2. Nf3 Nf6 3. c4 e6 4. Nc3 a6 5. a4 Bb4 6. cxd5 exd5 7. Bg5 c6 8. e3
Qa5 9. Bxf6 Bxc3+ 10. bxc3 Qxc3+ 11. Nd2 gxf6 12. Rc1 Qa5 13. Bd3 Rg8 14. g3 Bg4
15. f3 Bh3 16. Kf2 f5 17. Qc2 Nd7 18. Ra1 O-O-O 19. Rhb1 Rg5 20. Rb2 Nf8 21. Nb3
Qc7 22. Nc5 Ne6 23. Rxb7 Qd6 24. Bxa6 1-0

[Event "Mondiale Semilampo FIDE 2024"]
[Site "New York"]
[Date "27.12.2024"]
[Round "6.1"]
[White "Carlsen, Magnus"]
[Black "Hardaway, Brewington"]
[Result "1-0"]
[WhiteTitle "GM"]
[BlackTitle "IM"]
[WhiteElo "2831"]
[BlackElo "2499"]
[WhiteFideId "1503014"]
[BlackFideId "30941849"]
[EventDate "26.12.2024"]

1. Nf3 Nf6 2. c4 e6 3. g3 d5 4. Bg2 d4 5. d3 c5 6. e4 Nc6 7. e5 Nd7 8. Qe2 Qc7
9. Bf4 h6 10. h4 b6 11. Nbd2 Bb7 12. a3 Be7 13. h5 O-O-O 14. Kf1 Rdg8 15. Ne4
Ncxe5 16. Nxe5 Nxe5 17. b4 f5 18. Nxc5 Bxg2+ 19. Kxg2 Qc6+ 20. f3 Nxf3 21. Qxe6+
Qxe6 22. Nxe6 Ng5 23. Rhe1 Nxe6 24. Rxe6 Kd7 25. Rae1 Re8 26. R1e5 Bf6 27. Rxe8
Rxe8 28. Rxe8 Kxe8 29. b5 Kd7 30. a4 Ke6 31. Bb8 Bd8 32. Bxa7 Kd6 33. Bb8+ Kc5
34. Be5 Bf6 35. Bc7 Bg5 36. Kf3 Bd2 37. Be5 Be3 38. Bxg7 Kb4 39. Be5 Kxa4 40.
Bf4 1-0

[Event "Mondiale Semilampo FIDE 2024"]
[Site "New York"]
[Date "27.12.2024"]
[Round "6.4"]
[White "Giri, Anish"]
[Black "Aronian, Levon"]
[Result "1-0"]
[WhiteTitle "GM"]
[BlackTitle "GM"]
[WhiteElo "2733"]
[BlackElo "2747"]
[WhiteFideId "24116068"]
[BlackFideId "13300474"]
[EventDate "26.12.2024"]

1. Nf3 Nf6 2. g3 c5 3. Bg2 Nc6 4. c4 d5 5. cxd5 Nxd5 6. Nc3 Nxc3 7. bxc3 e5 8.
d3 Be7 9. Nd2 Bd7 10. Rb1 Rb8 11. O-O O-O 12. a4 Na5 13. c4 Qe8 14. Ra1 f5 15.
Bb2 Bd6 16. Bc3 b6 17. e3 Kh8 18. Re1 Rd8 19. d4 e4 20. Qc2 Nc6 21. Qb2 Qg6 22.
a5 bxa5 23. dxc5 Bxc5 24. Nb3 Bb6 25. c5 Bc7 26. Nxa5 Rb8 27. Qd2 Bxa5 28. Bxa5
Rf7 29. Bc3 h6 30. Red1 Qe6 31. Bf1 Kh7 32. Qd6 Qb3 33. Rdc1 Be8 34. Qd1 Qe6 35.
Ra6 Rfb7 36. h4 Qf7 37. Qc2 Rc8 38. Qa2 Qxa2 39. Rxa2 Nb8 40. Be5 Bd7 41. h5 Be6
42. Raa1 Rd7 43. c6 Nxc6 44. Ba6 Nxe5 45. Bxc8 Re7 46. Bxe6 Rxe6 47. Rxa7 Re8
48. Rcc7 Rg8 49. Rc5 Re8 50. Kg2 Kh8 51. Raa5 Nf3 1-0

[Event "Mondiale Semilampo FIDE 2024"]
[Site "New York"]
[Date "27.12.2024"]
[Round "6.6"]
[White "Abdusattorov, Nodirbek"]
[Black "Sadhwani, Raunak"]
[Result "1-0"]
[WhiteTitle "GM"]
[BlackTitle "GM"]
[WhiteElo "2777"]
[BlackElo "2673"]
[WhiteFideId "14204118"]
[BlackFideId "35093487"]
[EventDate "26.12.2024"]

1. c4 e5 2. Nc3 Nf6 3. Nf3 Nc6 4. d3 d5 5. cxd5 Nxd5 6. e4 Nf6 7. Be2 h6 8. O-O
Bd6 9. Be3 O-O 10. h3 a6 11. Rc1 Be6 12. d4 exd4 13. Nxd4 Nxd4 14. Qxd4 Nd7 15.
Qd2 Qh4 16. f4 f5 17. e5 Bc5 18. Bxc5 Nxc5 19. Qe3 Qe7 20. Bf3 Rad8 21. Rfd1
Rxd1+ 22. Rxd1 a5 23. a3 Kh8 24. Kh2 b6 25. Nb5 g5 26. b4 axb4 27. axb4 Na6 28.
Nd4 g4 29. Nxe6 Qxe6 30. Bd5 Qe7 31. e6 Rg8 32. Bc4 g3+ 33. Kg1 Nxb4 34. Qe5+
Qg7 35. e7 1-0

[Event "Mondiale Semilampo FIDE 2024"]
[Site "New York"]
[Date "27.12.2024"]
[Round "6.7"]
[White "Sevian, Samuel"]
[Black "Duda, Jan-Krzysztof"]
[Result "1/2-1/2"]
[WhiteTitle "GM"]
[BlackTitle "GM"]
[WhiteElo "2696"]
[BlackElo "2740"]
[WhiteFideId "2040506"]
[BlackFideId "1170546"]
[EventDate "26.12.2024"]

1. d4 Nf6 2. Nc3 d5 3. Bf4 c5 4. e3 Bg4 5. f3 Bd7 6. Nb5 Bxb5 7. Bxb5+ Nc6 8. c3
e6 9. Ne2 a6 10. Bxc6+ bxc6 11. O-O Be7 12. Qa4 Qb6 13. b4 cxb4 14. cxb4 O-O 15.
Rfc1 Rfc8 16. Rab1 Nd7 17. Bg3 Qb7 18. Nc3 Nb6 19. Qc2 Nc4 20. Qd3 Bxb4 21. Na4
Qe7 22. h3 a5 23. Kh2 h6 24. Rb3 Ra7 25. e4 h5 26. Rc2 h4 27. Bf2 Qg5 28. a3
Bd6+ 29. Kh1 Rac7 30. e5 Be7 31. Nb6 Nxb6 32. Rxb6 g6 33. Be3 Qf5 34. Qxf5 gxf5
35. Rc3 c5 36. Ra6 cxd4 37. Rxc7 Rxc7 38. Bxd4 Bg5 39. g4 hxg3 40. Rxa5 Rc4 41.
Bb6 d4 42. Ra8+ Kg7 43. Bd8 Bxd8 44. Rxd8 f4 45. h4 f6 46. Rd7+ Kg6 47. h5+ Kg5
48. exf6 Kxf6 49. h6 e5 50. h7 Rc1+ 51. Kg2 Rc2+ 52. Kf1 Rf2+ 53. Kg1 Rh2 54.
Kf1 Ke6 55. Rg7 d3 56. Rg6+ Kf5 57. Rd6 Rxh7 58. Rxd3 Rh1+ 59. Kg2 Rh2+ 60. Kg1
Ra2 61. Rb3 Rd2 62. a4 Ra2 63. Rb4 Kg5 64. Rb5 Kf5 65. Rb4 Ke6 66. Rb6+ Kd5 67.
Rb4 Ra3 68. Kg2 Ra2+ 69. Kg1 Rf2 70. Rb5+ Kd4 71. Rb4+ Kc5 72. Rb5+ Kd6 73. Rb6+
Kd7 74. Rb3 Ra2 75. Rb4 Kc6 76. Rc4+ Kd5 77. Rb4 1/2-1/2

[Event "Mondiale Semilampo FIDE 2024"]
[Site "New York"]
[Date "27.12.2024"]
[Round "6.9"]
[White "Caruana, Fabiano"]
[Black "Nogerbek, Kazybek"]
[Result "1-0"]
[WhiteTitle "GM"]
[BlackTitle "GM"]
[WhiteElo "2805"]
[BlackElo "2527"]
[WhiteFideId "2020009"]
[BlackFideId "13710427"]
[EventDate "26.12.2024"]

1. c4 e6 2. g3 d5 3. Bg2 Nf6 4. Nf3 Be7 5. O-O O-O 6. d3 Nc6 7. a3 dxc4 8. dxc4
e5 9. Nc3 h6 10. Qc2 Nd4 11. Nxd4 exd4 12. Rd1 c5 13. Nd5 Nxd5 14. Bxd5 Bf6 15.
Rb1 Qe7 16. b4 cxb4 17. Rxb4 Re8 18. e4 dxe3 19. Bxe3 Bg5 20. Rb3 Bxe3 21. Rxe3
Be6 22. Qa4 Qc5 23. Bxb7 Qxc4 24. Qxc4 Bxc4 25. Bxa8 Rxa8 26. Re7 a5 27. Rdd7
Rb8 28. Ra7 Rb1+ 29. Kg2 Bd5+ 30. Kh3 Rb5 31. Re3 Be6+ 32. Kg2 Bd5+ 33. f3 Bb3
34. g4 a4 35. h4 g6 36. Kg3 Kg7 37. Ra8 Rc5 38. Ree8 g5 39. Rg8+ Kf6 40. Ra6+
Be6 41. hxg5+ hxg5 42. Rxa4 Rd5 43. Rh8 Rd3 44. Rh6+ Ke5 45. Re4+ Kd6 46. a4 Rd5
47. Rh1 Rd3 48. Rhe1 Bd5 49. R4e3 Rd2 50. Ra3 Bc4 51. a5 Ba6 52. Rb3 Bc4 53. Ra3
Ba6 54. Raa1 Rc2 55. Rad1+ Kc5 56. Rc1 1-0

[Event "Mondiale Semilampo FIDE 2024"]
[Site "New York"]
[Date "27.12.2024"]
[Round "6.10"]
[White "Vachier-Lagrave, Maxime"]
[Black "Pichot, Alan"]
[Result "0-1"]
[WhiteTitle "GM"]
[BlackTitle "GM"]
[WhiteElo "2731"]
[BlackElo "2637"]
[WhiteFideId "623539"]
[BlackFideId "110973"]
[EventDate "26.12.2024"]

1. e4 e5 2. Nf3 Nc6 3. Bb5 a6 4. Ba4 b5 5. Bb3 Na5 6. O-O d6 7. d4 exd4 8. Re1
Nxb3 9. axb3 c5 10. c3 Be7 11. cxd4 Bb7 12. Nc3 Nf6 13. Nh4 b4 14. Nd5 Nxd5 15.
exd5 O-O 16. Nf5 Re8 17. Bf4 Bf8 18. dxc5 Rxe1+ 19. Qxe1 dxc5 20. Rd1 Qd7 21.
Ne3 Re8 22. f3 g6 23. Qd2 Bg7 24. Kh1 h5 25. d6 Bd4 26. Re1 h4 27. Ng4 Rxe1+ 28.
Qxe1 h3 29. Nf2 hxg2+ 30. Kxg2 Qf5 31. Qd2 g5 32. d7 Qxd7 33. Bxg5 Qf5 34. Bf4
Bd5 35. h3 Bxb3 36. Kg3 Qg6+ 37. Ng4 f5 38. Qd3 Bf7 39. Qe2 fxg4 40. hxg4 Qe6
41. Qd2 Bg6 42. Kh3 a5 43. Qd1 Qd5 44. Qe2 Kf7 45. Kg3 c4 46. Qd2 c3 47. bxc3
bxc3 48. Qe2 c2 49. Qa6 Be5 50. Qa7+ Kg8 0-1

[Event "Mondiale Semilampo FIDE 2024"]
[Site "New York"]
[Date "27.12.2024"]
[Round "6.11"]
[White "Firouzja, Alireza"]
[Black "Antipov, Mikhail Al."]
[Result "1-0"]
[WhiteTitle "GM"]
[BlackTitle "GM"]
[WhiteElo "2763"]
[BlackElo "2594"]
[WhiteFideId "12573981"]
[BlackFideId "4107012"]
[EventDate "26.12.2024"]

1. e4 e5 2. Nf3 Nc6 3. Bc4 Bc5 4. d3 a6 5. c3 Ba7 6. a4 d6 7. O-O h6 8. Re1 Nge7
9. Nbd2 O-O 10. Nf1 Kh8 11. Nh4 f5 12. exf5 Bxf5 13. Nxf5 Rxf5 14. Be3 Qf8 15.
d4 exd4 16. cxd4 d5 17. Ba2 Rf4 18. Bxf4 Qxf4 19. Bb1 Rf8 20. Qc2 Nf5 21. Ra3
Ncxd4 22. Qd2 Nd6 23. Qxf4 Rxf4 24. Rae3 Kg8 25. Ng3 Nc6 26. Rf3 Rxf3 27. gxf3
Kf7 28. f4 Bd4 29. b3 Bc3 30. Rd1 Ne7 31. Rc1 d4 32. Ne4 Nd5 33. Nxd6+ cxd6 34.
f5 Nf4 35. Rd1 Kf6 36. h4 Ke5 37. Kh2 b5 38. axb5 axb5 39. Kg3 b4 40. Kf3 d5 41.
Bc2 Nh5 42. Rg1 Nf4 43. Rxg7 d3 44. Bd1 d2 45. Re7+ Kf6 46. Rd7 Ke5 47. f6 Ng6
48. h5 Nf8 49. Rd8 Ne6 50. f7 Ng5+ 51. Ke3 d4+ 52. Kd3 Nxf7 53. f4+ Kf6 54. Rd7
Ke6 55. Bg4+ Kf6 56. Kc2 Nh8 57. Rd6+ Kg7 58. Be6 d3+ 59. Rxd3 Kf6 60. Rd6 1-0

[Event "Mondiale Semilampo FIDE 2024"]
[Site "New York"]
[Date "27.12.2024"]
[Round "6.12"]
[White "Mamedyarov, Shakhriyar"]
[Black "Shimanov, Aleksandr"]
[Result "1-0"]
[WhiteTitle "GM"]
[BlackTitle "GM"]
[WhiteElo "2738"]
[BlackElo "2593"]
[WhiteFideId "13401319"]
[BlackFideId "4198603"]
[EventDate "26.12.2024"]

1. d4 d5 2. c4 c6 3. Nf3 Nf6 4. Nc3 a6 5. Qb3 dxc4 6. Qxc4 b5 7. Qb3 e6 8. Bg5
c5 9. Rd1 c4 10. Qc2 Be7 11. e4 Bb7 12. Be2 O-O 13. O-O Nbd7 14. a3 h6 15. Bf4
Nb6 16. Rfe1 Qc8 17. Bf1 Rd8 18. g3 Qd7 19. Bh3 Qc6 20. Bg2 Qc8 21. h3 b4 22.
axb4 Bxb4 23. g4 Nh7 24. h4 Be7 25. g5 hxg5 26. hxg5 Nf8 27. d5 exd5 28. exd5
Ng6 29. Qe4 Nxd5 30. Nxd5 Rxd5 31. Rxd5 Bxd5 32. Qxd5 Nxf4 33. Qe4 Nxg2 34. Kxg2
Bf8 35. g6 Ra7 36. Ne5 1-0